000 00954nam a2200265 i 4500
001 bg
100 1 _aJANUSZEWSKI, Stefan
245 1 0 _aPółprzewodnikowe przyrządy mocy :
_bwłaściwości i zastosowania : zarys encyklopedyczny /
_cStefan Januszewski, Henryk Świątek, Krzysztof Zymmer.
260 _aWarszawa :
_bWydawnictwa Komunikacji i Łączności,
_c1999.
300 _a280 s. :
_bil. ;
_c24 cm.
504 _aBibliogr.
650 9 _aEnergoelektronika
_xurządzenia
650 9 _aPółprzewodniki
_xurządzenia
655 _aPodręczniki akademickie
700 1 _aŚWIĄTEK, Henryk
700 1 _aZYMMER, Krzysztof
020 _a8320613175
040 _cBPK
041 0 _apol
080 _a621.382(075.8)
920 _a83-206-1317-5
942 _cKS
008 s pl f |000 0 pol
999 _c45145
_d45145
856 _uhttp://koha.tu.koszalin.pl/cgi-bin/koha/opac-detail.pl?biblionumber=45145
_yKatalog online BPK